书目信息 |
| 题名: |
房地产经济学
|
|
| 作者: | 王全民 主编 | |
| 分册: | ||
| 出版信息: | 大连 东北财经大学出版社 2002.03 |
|
| 页数: | 480页 | |
| 开本: | 20cm | |
| 丛书名: | 21世纪高等院校工程管理专业教材 | |
| 单 册: | ||
| 中图分类: | F293.30 | |
| 科图分类: | ||
| 主题词: | 房地产经济学--高等学校--教材 | |
| 电子资源: | ||
| ISBN: | 7-81084-043-6 | |
| 000 | 00908nam 2200265 450 | |
| 001 | 0156737418 | |
| 005 | 20051111152306.68 | |
| 010 | @a7-81084-043-6@dCNY22.00 | |
| 100 | @a20051111d2002 km y0chiy0120 ea | |
| 101 | 0 | @achi |
| 102 | @aCN@b210000 | |
| 105 | @aa a 000yy | |
| 200 | 1 | @a房地产经济学@Afang di chan jing ji xue@f王全民主编@Fwang quan min zhu bian |
| 210 | @a大连@c东北财经大学出版社@d2002.03 | |
| 215 | @a480页@c图@d20cm | |
| 225 | 2 | @a21世纪高等院校工程管理专业教材 |
| 320 | @a有书目 (第477-480页)。 | |
| 330 | @a本书内容包括: 绪论、房地产业与国民经济、地租理论与区位理论、房地产产权理论、房地产供求理论、房地产市场等。 | |
| 333 | @a工程经济学研究人员 | |
| 410 | 0 | @12001 @a21世纪高等院校工程管理专业教材 |
| 606 | 0 | @a房地产经济学@x高等学校@j教材 |
| 690 | @aF293.30@v4 | |
| 701 | 0 | @a王全民@Awang quan min@4主编 |
| 801 | 0 | @aCN@bQSSK@c20051111 |
| 905 | @a10447@dF293.30@eW314 | |
| 房地产经济学/王全民主编.-大连:东北财经大学出版社,2002.03 |
| 480页:图;20cm.-(21世纪高等院校工程管理专业教材) |
| 使用对象:工程经济学研究人员 |
| ISBN 7-81084-043-6:CNY22.00 |
| 本书内容包括: 绪论、房地产业与国民经济、地租理论与区位理论、房地产产权理论、房地产供求理论、房地产市场等。 |
| ● |
| 相关链接 |
|
|
|
正题名:房地产经济学
索取号:F293.30/W314
 
预约/预借
| 序号 | 登录号 | 条形码 | 馆藏地/架位号 | 状态 | 备注 |
| 1 | 577434 | 205774349 | 社科库409/409社科库 104排1列2层/ [索取号:F293.30/W314] | 在馆 | |
| 2 | 577435 | 205774358 | 社科库409/409社科库 104排1列2层/ [索取号:F293.30/W314] | 在馆 | |
| 3 | 577436 | 205774367 | 社科库409/409社科库 104排1列2层/ [索取号:F293.30/W314] | 在馆 |